| 000 | 00542cam a2200193ua 4500 | ||
|---|---|---|---|
| 001 | 5125 | ||
| 008 | 120730n ii |||gr||||Z||||||eng | ||
| 040 | _cMAIN | ||
| 082 | _a823 | ||
| 100 |
_aJoyce, James, _eAuthor, |
||
| 245 | 1 | 1 |
_aPortarit of the artist as a young man : _ba critical study / _cby James Joyce . _hTheses |
| 250 | _a3rd. | ||
| 260 |
_aBareilly: _bPrakash book depot., _c1995. |
||
| 300 |
_a164p: _c23cm. |
||
| 653 | _aEnglish fiction | ||
| 700 |
_aGupta, A. N., _eEditor, |
||
| 700 |
_aGupta, Satish, _eEditor, |
||
| 942 | _cBK | ||
| 999 |
_c4307 _d4307 |
||